000 00285nam a2200133Ia 4500
100 _aHaykin/Simon
942 _cBK
654 _asignal
245 _aSignals and system
260 _bJohn Wiley & Sons
_aNew Delhi
_c2001
082 _a621.38
_bHAY
300 _a694
546 _aENGLISH
999 _c29317
_d29317